LEADER 01385nam 2200421 450 001 9910159025003321 005 20161006094253.0 010 $a1-5095-0320-X 035 $a(CKB)3710000001018452 035 $a(MiAaPQ)EBC4444925 035 $a(Au-PeEL)EBL4444925 035 $a(OCoLC)933298812 035 $a(EXLCZ)993710000001018452 100 $a20150410d2015 uy| 0 101 0 $aeng 135 $aurcnu|||||||| 181 $2rdacontent 182 $2rdamedia 183 $2rdacarrier 200 10$aCrisis /$fSylvia Walby 210 1$aCambridge, UK ;$aMalden, MA :$cPolity Press,$d2015. 215 $a1 online resource (220 pages) 311 $a0-7456-4760-X 320 $aIncludes bibliographical references and index. 327 $aIntroduction -- Theorizing crisis -- Financial crisis -- Economic crisis: recession -- Fiscal crisis: austerity -- Democratic crisis -- Crisis in the gender regime -- Conclusions: implications for social theory and public policy. 606 $aFinancial crises 606 $aFinancial crises$xPolitical aspects 615 0$aFinancial crises. 615 0$aFinancial crises$xPolitical aspects. 676 $a338.5/42 700 $aWalby$b Sylvia$0518753 801 0$bMiAaPQ 801 1$bMiAaPQ 801 2$bMiAaPQ 906 $aBOOK 912 $a9910159025003321 996 $aCrisis$93420866 997 $aUNINA LEADER 01421oam 2200469zu 450 001 9910133536403321 005 20210807004428.0 010 $a2-8218-3609-0 024 7 $a10.4000/books.pup.2438 035 $a(CKB)3390000000053707 035 $a(SSID)ssj0001387245 035 $a(PQKBManifestationID)12617813 035 $a(PQKBTitleCode)TC0001387245 035 $a(PQKBWorkID)11379191 035 $a(PQKB)11569161 035 $a(FrMaCLE)OB-pup-2438 035 $a(oapen)https://directory.doabooks.org/handle/20.500.12854/43360 035 $a(PPN)182829316 035 $a(oapen)doab43360 035 $a(EXLCZ)993390000000053707 100 $a20160829d1995 uy 101 0 $afre 135 $auu||||||m|||| 181 $ctxt 182 $cc 183 $acr 200 03$aLe Clerc Au Moyen Age 210 $cPresses universitaires de Provence$d1995 210 31$a[Place of publication not identified]$cUnknown Publisher$d1995 215 $a1 online resource (654 p.) 300 $aBibliographic Level Mode of Issuance: Monograph 311 08$a2-901104-38-X 607 $aEurope$xIntellectual life$yTo 1500 610 $alittérature médiévale 610 $aclerc 610 $aclergé 712 02$aCUER MA (Center : Aix-en-Provence, France), Colloque Staff 801 0$bPQKB 906 $aBOOK 912 $a9910133536403321 996 $aClerc au Moyen Age$91427643 997 $aUNINA